[Event "EU-ch U12 Girls"]
[Site "Herceg Novi"]
[Date "2006.09.17"]
[Round "7"]
[White "Foisor, Mihaela Veronica"]
[Black "Jalabadze, Natia"]
[Result "1/2-1/2"]
[WhiteElo "2005"]
[BlackElo "1863"]
[PlyCount "129"]
[EventDate "2006.09.10"]
[EventType "swiss"]
[EventRounds "9"]
[EventCountry "MNE"]
[SourceTitle "CBM 114 Extra"]
[Source "ChessBase"]
[SourceDate "2006.11.03"]
[SourceVersion "1"]
[SourceVersionDate "2006.11.03"]
[SourceQuality "1"]

1. d4 Nf6 2. c4 e6 3. Nc3 Bb4 4. a3 Bxc3+ 5. bxc3 c5 6. e3 0-0 7. Bd3 d6 8. Ne2 e5 9. e4 Nc6 10. d5 Ne7 11. 0-0 Ng6 12. Ng3 Nf4 13. Ne2 N6h5 14. Nxf4 Nxf4 15. g3 Nxd3 16. Qxd3 Bh3 17. Re1 f5 18. f4 fxe4 19. Qxe4 Qf6 20. Qd3 exf4 21. gxf4 Qh6 22. Ra2 Rf6 23. Kh1 Bg4 24. Rf2 Qh5 25. Bd2 Rh6 26. Qg3 Qf5 27. Qe3 Rh3 28. Qe6+ Qxe6 29. dxe6 Re8 30. f5 Rh5 31. f6 Rxe6 32. f7+ Kf8 33. Rxe6 Bxe6 34. Bf4 Kxf7 35. Bxd6+ Kg6 36. Rf4 Bh3 37. Rf3 a6 38. Kg1 Be6 39. Rf4 Rh3 40. Bxc5 Rxc3 41. Bf8 Rxc4 42. Rxc4 Bxc4 43. Kf2 Kf7 44. Bc5 Ke6 45. Bb6 Bb5 46. Ke3 Kd5 47. Kd2 Kc4 48. Kc2 Ba4+ 49. Kb2 Kb5 50. Bd4 g5 51. Kc3 h5 52. Be3 g4 53. Bf2 b6 54. Bg3 Kc6 55. Kd4 Bb3 56. Kc3 Bf7 57. Kd4 b5 58. Kc3 Kd5 59. Kb4 Ke4 60. Ka5 Kf3 61. Kxa6 Be8 62. Ka5 Kg2 63. Kb4 h4 64. Bxh4 Kxh2 65. a4 1/2-1/2